| 000 | 01167nam a22003497a 4500 | ||
|---|---|---|---|
| 003 | CHAP | ||
| 005 | 20220329143422.0 | ||
| 008 | 090602s1995 ec a r 00010 spa d | ||
| 010 | _a96301 | ||
| 011 | _a97273 | ||
| 020 | _a9978041372 | ||
| 035 | _a107937 | ||
| 040 | _cCHAP | ||
| 090 | _aFolleto 17425 | ||
| 100 | 1 |
_aSuquilanda V., Manuel B. _9110761 |
|
| 245 | 1 | 0 |
_aPlantas medicinales y hierbas aromáticas : _bmanual para la producción orgánica _c/por Manuel B. Suquilanda V. |
| 260 |
_aQuito : _bFundación para el Desarrollo Agropecuario, _c1995 |
||
| 300 |
_a41 p. : _bilus., tablas |
||
| 490 | 0 |
_aAgricultura orgánica _v; 12 |
|
| 590 |
_aBATCH-UPD _b10 _c20130110 _lUCH01 _h0437 |
||
| 590 |
_aBATCH-UPD _b10 _c20130410 _lUCH01 _h0113 |
||
| 590 |
_aBATCH-UPD _b10 _c20130913 _lUCH01 _h2233 |
||
| 590 |
_aCONVERSION _b10 _c20130109 _lUCH01 _h1353 |
||
| 650 | 1 | 4 |
_aAgricultura orgánica. _92005 |
| 650 | 1 | 4 |
_aBotánica médica. _914680 |
| 650 | 1 | 4 |
_aPlantas aromáticas. _988900 |
| 830 | 0 |
_aAgricultura orgánica _v; 12 _92006 |
|
| 901 | _aBK | ||
| 911 | _aen proceso | ||
| 942 | _cFOLL | ||
| 949 |
_aFolleto 17425 _bBC _cFOLL _d33724002081264 _eTS1 _i107937 _sb |
||
| 999 |
_c96301 _d96301 |
||